000 00545nam a22001937a 4500
005 20250827095353.0
008 250827b |||||||| |||| 00| 0 eng d
020 _a9788175418264
040 _aIN-DiNC
_cIN-DiNC
041 _deng
082 _a370.1
_bAGG
100 _aAggarwal, JC
_eauthor
245 _aPsychological, philosophical and sociological foundation of education/
_cby JC Aggarwal
250 _a1st ed.
260 _aDelhi:
_bShipra publications,
_c2012.
300 _a371p.
650 _aTheory of education
942 _2ddc
_cBK
999 _c12201
_d12201